Представление документа в формате MARC21

Поле Инд. ПП Название Значение
Тип записи a
Библиографический уровень b
001 Контрольный номер RU/IS/BASE/400873304
005 Дата корректировки 20200630193227.1
040 b Код языка каталог. rus
e Правила каталог. PSBO
041 0_ a Код языка текста rus
084 a Индекс другой классификации/Индекс ББК 63.3(2)-7-3
100 1_ a Автор Кунц Е. В.
q Полное имя Кунц Евгений Владимирович
245 10 a Заглавие Михаил Никитич Муравьев
b Продолж. заглавия [исторический портрет]
504 a Библиография Библиогр. - Примеч.
520 a Аннотация Реформы, проводимые Муравьевым в Московском университете, входили в противоречие с самодержавным устройством государства и с крепостническими порядками, порождая внутренние и внешние конфликты. Однако главное Муравьевым было сделано: значение и авторитет Московского университета в обществе заметно выросло.
600 a Персоналии Муравьев Михаил Никитич
650 a Основная рубрика внутренняя политика
a Основная рубрика история
653 a Ключевые слова XVIII век
a Ключевые слова высшее образование
a Ключевые слова издательская деятельность
a Ключевые слова иностранные специалисты
a Ключевые слова культура
a Ключевые слова литературное творчество
a Ключевые слова Московский университет им. М.В. Ломоносова (МГУ)
a Ключевые слова народное просвещение
a Ключевые слова образование
a Ключевые слова общественно-политическая деятельность
a Ключевые слова педагогическая деятельность
a Ключевые слова попечительская деятельность
a Ключевые слова просветительская деятельность
a Ключевые слова профессорско-преподавательский состав
a Ключевые слова реформа университета
a Ключевые слова Россия
773 0_ t Заглавие источника Вопросы истории
d Дата издания источника 2012
g Прочая информация № 2. - С. 55 - 73
w Контрольный № источника RU/IS/BASE/383238307
901 t Тип документа b